The place of agriculture in reconstruction ; a study of national programs of land settlement /

Bibliographic Details
Main Author: Morman, James Bale, 1862-1930
Format: Book
Language:English
Published: New York : E.P. Dutton and Company, [1919]
Subjects:

MARC

Tag First Indicator Second Indicator Subfields
LEADER 00000cam a2200000 4500
001 in00000053836
005 20190718111636.0
008 760503s1919 nyu 00110 eng
010 |a  19009735  
035 |a (OCoLC)02153743 
035 |9 AAG4074AM 
040 |a DLC  |c CWR  |d TXA  |d UtOrBLW 
049 |a TXAM  |c [13781] 
050 4 |a HD205  |b .M6 1919 
092 |a 334  |b M865p 
100 1 |a Morman, James Bale,  |d 1862-1930. 
245 1 4 |a The place of agriculture in reconstruction ;  |b a study of national programs of land settlement /  |c by James B. Morman. 
264 1 |a New York :  |b E.P. Dutton and Company,  |c [1919] 
264 4 |c [©1919] 
300 |a ix, 374 pages ;  |c 20 cm. 
336 |a text  |b txt  |2 rdacontent 
337 |a unmediated  |b n  |2 rdamedia 
338 |a volume  |b nc  |2 rdacarrier 
650 0 |a Veterans  |x Employment. 
650 0 |a Veterans  |x Employment  |z United States. 
650 0 |a Agricultural colonies. 
650 0 |a Agricultural colonies  |z United States. 
650 0 |a Land tenure  |z United States. 
999 |a MARS 
999 f f |s 3e1974d1-4d7a-3ba1-8e98-b7e9eb785f2a  |i 6cc4780e-cd9e-3b0e-909e-454af23f7526  |t 0 
952 f f |p ric  |a Texas A&M University  |b Rellis Campus  |c Joint Library Facility  |d Remote Storage  |t 0  |e HD205 .M6 1919  |h Library of Congress classification  |i unmediated -- volume  |m A14800742219 
998 f f |a HD205 .M6 1919  |t 0  |l Remote Storage